000 01026nam a2200229Ia 4500
003 Ost
005 20260507075631.0
008 260507s9999||||xx |||||||||||||| ||und||
040 _cfsecg
041 _aara
082 _a347
100 _aعمر، نبيل اسماعيل
_eمؤلف
245 0 _aسلطة القاضي التقديرية في المواد المدنية و التجارية :
_bدراسة تحليلية وتطبيقية /
_c نبيل اسماعيل عمر
260 _aالإسكندرية:
_bدار الجامعة الجديدة للنشر,
_c2002
300 _a550 صفحة؛
_c24 سم
490 _aالمكتبة القانونية
504 _aالمراجع ص.540
520 _aتجد في هذا الكتاب : في مفهوم السلطة التقديرية بوجه عام ، ماهية التقدير الموضوعي القضائي ، ماهية التقدير الشخصي في العمل القضائي
653 _aالسلطة
653 _aالقانون
942 _cكتاب
999 _c45206
_d45206